Naqdul Jawahir : / نقد الجواهر (Record no. 29882)
[ view plain ]
| 000 -LEADER | |
|---|---|
| fixed length control field | 00551nam a22001937a 4500 |
| 003 - CONTROL NUMBER IDENTIFIER | |
| control field | BDDh-ASL |
| 005 - DATE AND TIME OF LATEST TRANSACTION | |
| control field | 20231015031100.0 |
| 008 - FIXED-LENGTH DATA ELEMENTS--GENERAL INFORMATION | |
| fixed length control field | 221228s1889 ii ||||| |||| 00| 0 a d |
| 040 ## - CATALOGING SOURCE | |
| Original cataloging agency | BDDh-ASL |
| Transcribing agency | BDDh-ASL |
| 041 ## - LANGUAGE CODE | |
| Language code of text/sound track or separate title | ara |
| 082 ## - DEWEY DECIMAL CLASSIFICATION NUMBER | |
| Classification number | 297 |
| Item number | ALN |
| 100 1# - MAIN ENTRY--PERSONAL NAME | |
| Personal name | Ali, Maulavi Mobashshar |
| 9 (RLIN) | 6888 |
| 245 10 - TITLE STATEMENT | |
| Title | Naqdul Jawahir : / نقد الجواهر |
| 246 ## - VARYING FORM OF TITLE | |
| Title proper/short title | Tuhfatun Nāẓir īn : / تخفة الناظرين |
| 260 ## - PUBLICATION, DISTRIBUTION, ETC. | |
| Place of publication, distribution, etc. | Kolkata : |
| Name of publisher, distributor, etc. | Gausia Press , |
| Date of publication, distribution, etc. | 1889. |
| 300 ## - PHYSICAL DESCRIPTION | |
| Extent | 16 p. : |
| Dimensions | 24 cm. |
| 650 #0 - SUBJECT ADDED ENTRY--TOPICAL TERM | |
| Topical term or geographic name entry element | Islam |
| 9 (RLIN) | 1652 |
| 942 ## - ADDED ENTRY ELEMENTS (KOHA) | |
| Source of classification or shelving scheme | Dewey Decimal Classification |
| Koha item type | Books |
| Withdrawn status | Lost status | Source of classification or shelving scheme | Damaged status | Not for loan | Collection code | Home library | Current library | Shelving location | Date acquired | Source of acquisition | Serial Enumeration / chronology | Total Checkouts | Full call number | Barcode | Date last seen | Copy number | Price effective from | Koha item type | Public note |
|---|---|---|---|---|---|---|---|---|---|---|---|---|---|---|---|---|---|---|---|
| Dewey Decimal Classification | Not For Loan | Non-fiction | Asiatic Society Library | Asiatic Society Library | General Stacks | 12/28/2022 | ASB Library Collection | A-0146,A | 297 ALN | 118174 | 12/28/2022 | C-1 | 12/28/2022 | Books | Y-1889 |